fnaf quiz - Statistics

General Stats
  • This quiz has been taken 1,006 times
  • The average score is 6 of 15
Answer Stats
Hint Answer % Correct
who sings to pirate song foxy
85%
who runs down the hall foxy
85%
who starts from pirate cove foxy
85%
who is the creepest animatronic in scott cawthon's words bonnie
69%
who starts at kids cove mangle
53%
what dose say on toy chica bibe lets party
45%
wind up the music box the puppet
42%
fnaf was created in 2014
41%
all 3 start at show stage freddy bonnie chica
36%
who is the killer purple man
22%
is foxy a good guy maybe
13%
who is a couple in fnaf foxy chica
6%
if someones in your hall you close your doors
2%
golden freddy is a hallicunation
2%
name 4 versoins the fnaf song can be in the animatronics instments microphone gutair drums piano
2%
No matching quizzes found
Score Distribution
Percent of People with Each Score
Percentile by Number Answered
Your Score History
You have not taken this quiz